| 000 | 00836nam a2200241 i 4500 | ||
|---|---|---|---|
| 001 | 141930 | ||
| 003 | ES-MaACL | ||
| 005 | 20250820062021.0 | ||
| 007 | t| | ||
| 008 | 071001s1964 sp ||||1| spa d | ||
| 080 | _a248.1(Juan Bautista de La Salle. San) | ||
| 100 | 1 |
_aViola Galindo, Juan. _9115411 |
|
| 245 | 1 | 0 |
_aPerfección y apostolado en la espiritualidad lasaliana / _cJuan Viola Galindo. |
| 260 |
_aTejares (Salamanca) : _bInstituto Pontificio San Pío X, _c1964. |
||
| 300 |
_a276 p. ; _c23 cm. |
||
| 490 | 1 |
_aColección "Sinite" ; _v8 |
|
| 600 | 0 | 4 |
_aJuan Bautista de la Salle, _cSanto _967103 |
| 650 | 1 | 4 |
_aApostolado seglar _99923 |
| 710 | 2 |
_aInstituto Pontificio San Pío X. _95211 |
|
| 830 | 0 |
_aColección "Sinite" ; _v8 _9220455 |
|
| 852 |
_aES-MaACL _jC-25985 _bR.54869 |
||
| 999 |
_c141930 _d141930 |
||